000 01092nam a2200337 i 4500
001 5082
003 KOSZ 005
005 20191207114324.0
008 981103s1986 pl a f f |001 0 pol
015 _aPB 1986/2759
020 _a8320406838
035 _a(OCoLC)749231655
040 _aWA N
_cKOSZ 005/HR
_dKOSZ 005/HR
041 0 _apol
046 _k1986
080 _a621.313
100 1 _aZembrzuski, Jan
_eAutor
245 1 0 _aPoradnik przezwajania silników indukcyjnych /
_cJan Zembrzuski.
250 _aWyd. 4 uzup.
260 _aWarszawa :
_bWydawnictwa Naukowo-Techniczne,
_c1986.
300 _a558, [2] s., [1] k. tabl. luź. :
_bfot., rys. ;
_c17 cm.
380 _aKsiążki.
388 _a1901-
500 _aGłównie tab.
504 _aBibliogr. oraz wykaz norm s. 552-553. - Indeks.
658 _aInżynieria i technika
650 4 _aSilniki elektryczne
710 2 _aWydawnictwa Naukowo-Techniczne
_4pbl.
856 _uhttp://koha.tu.koszalin.pl/cgi-bin/koha/opac-detail.pl?biblionumber=5082
_yKatalog online BPK
942 _2UKD
_cKS
999 _c5082
_d5082